| 000 | 00755nam a2200229Ia 4500 | ||
|---|---|---|---|
| 005 | 20250108124848.0 | ||
| 008 | 008 250107s9999 xx 000 0 hin d | ||
| 020 | _a978-0-670-08637-5 | ||
| 037 | _aTB | ||
| 040 |
_aCRL _bhin _cCRL |
||
| 041 |
_ahin _2hin |
||
| 084 | _aO152,6N64x Q2 | ||
| 084 | _qCRL | ||
| 100 | _aबाहरी, हरदेव, ले. | ||
| 245 | 0 |
_aहिन्दी भाषा _cबाहरी, हरदेव, ले. |
|
| 260 |
_aइलाहाबाद, भारत _bअभिव्यक्ति प्रकाशन _c2478 |
||
| 300 | _a241पृ0 | ||
| 365 |
_aINR _b200 |
||
| 650 | _aहिन्दी व्याकरण | ||
| 942 |
_cTB _hO152,6N64x Q2 |
||
| 999 |
_c1234866 _d1234866 |
||